000 00562nam a22002177a 4500
003 OSt
005 20160615124814.0
008 160615b xxu||||| |||| 00| 0 eng d
020 _a9780729539272
040 _cDNLM
082 _aWG27 T371c 2011
100 _aThompson, Peter L.
_99400
245 _aCoronary Care Manual
250 _a2nd ed.
260 _aSydney; Churchill, 2011
300 _axvi, 715p; col.ill: 26cm
504 _aAppendice, & index included
650 _aCoronary
_99401
650 _aHeart cardiovascular
_99402
942 _2z
_cO_SHELF
999 _c4361
_d4361